Inside South America/ (Record no. 13037)
[ view plain ]
| 000 -LEADER | |
|---|---|
| fixed length control field | 00917nam a2200265 4500 |
| 001 - CONTROL NUMBER | |
| control field | 284434 |
| 005 - DATE AND TIME OF LATEST TRANSACTION | |
| control field | 19740624000000.0 |
| 008 - FIXED-LENGTH DATA ELEMENTS--GENERAL INFORMATION | |
| fixed length control field | 731001s1967 enkab | b 000 0 eng d |
| 010 ## - LIBRARY OF CONGRESS CONTROL NUMBER | |
| LC control number | 67084268 |
| 015 ## - NATIONAL BIBLIOGRAPHY NUMBER | |
| National bibliography number | B67-7229 |
| 040 ## - CATALOGING SOURCE | |
| Original cataloging agency | DLC |
| Transcribing agency | DLC |
| Modifying agency | DLC |
| 043 ## - GEOGRAPHIC AREA CODE | |
| Geographic area code | s------ |
| 050 00 - LIBRARY OF CONGRESS CALL NUMBER | |
| Classification number | F2208 |
| Item number | .G94 1967a |
| 082 00 - DEWEY DECIMAL CLASSIFICATION NUMBER | |
| Classification number | 320.98 |
| Item number | GUN |
| Edition number | 22 |
| 100 1# - MAIN ENTRY--PERSONAL NAME | |
| Personal name | Gunther, John, |
| Dates associated with a name | 1901-1970. |
| 9 (RLIN) | 9934 |
| 245 10 - TITLE STATEMENT | |
| Title | Inside South America/ |
| Statement of responsibility, etc | John Gunther |
| 260 ## - PUBLICATION, DISTRIBUTION, ETC. (IMPRINT) | |
| Place of publication, distribution, etc | London: |
| Name of publisher, distributor, etc | H. Hamilton, |
| Date of publication, distribution, etc | 1967. |
| 300 ## - PHYSICAL DESCRIPTION | |
| Extent | xvii, 610 p.: |
| Other physical details | maps; |
| Dimensions | 22 cm. |
| 500 ## - GENERAL NOTE | |
| General note | Donation |
| 504 ## - BIBLIOGRAPHY, ETC. NOTE | |
| Bibliography, etc | Bibliography: p. 537-543. |
| 651 #0 - SUBJECT ADDED ENTRY--GEOGRAPHIC NAME | |
| Geographic name | South America |
| 9 (RLIN) | 10009 |
| General subdivision | --Politics |
| 651 #0 - SUBJECT ADDED ENTRY--GEOGRAPHIC NAME | |
| Geographic name | South America |
| 9 (RLIN) | 10010 |
| General subdivision | --Economic conditions. |
| 942 ## - ADDED ENTRY ELEMENTS (KOHA) | |
| Source of classification or shelving scheme | Dewey Decimal Classification |
| Item type | Book - Borrowing |
| Withdrawn status | Item status | Source of classification or shelving scheme | Damaged status | Not for loan | Vendor | Home library | Current library | Shelving location | Date acquired | Source of acquisition | Total Checkouts | Total Renewals | Full call number | Barcode | Date last seen | Date last borrowed | Koha item type | Public note |
|---|---|---|---|---|---|---|---|---|---|---|---|---|---|---|---|---|---|---|
| Dewey Decimal Classification | Central Library | Central Library | First floor | 14/12/2009 | Donation | 1 | 8 | 320.98 GUN | 000019266 | 15/07/2025 | 31/10/2013 | Book - Borrowing | Donated by Alaa Abdel Ghaney |